000
00278nam a2200133Ia 4500
008
231017s9999 xx 000 0 und d
082
_a
658
082
_b
FCM
245
0
_a
Multi Discipline
245
0
_c
InfraGuide
260
_b
InfraGuide
300
_c
30cm
942
_c
REP
999
_c
606637
_d
606637